| 000 | 00757nam a2200145 a 4500 | ||
|---|---|---|---|
| 008 | 130124s2012 ||||||||||||||||| || u | ||
| 050 | _aTHESIS/MBA | ||
| 100 | _aChihanjikenu, Francis | ||
| 245 | 1 | 0 |
_aRisk management and insurance cost: a comparative study of three mining companies on the Copperbelt province in Zambia _cby Francis Chihanjikenu |
| 260 |
_aKitwe: _bCopperbelt University, School of Business, Department of Postgraduate studies _c2012 |
||
| 300 | _axii, 129p.: ill. | ||
| 650 | _aMINING COMPANIES--COPPERBELT PROVINCE--COMPARATIVE STUDY | ||
| 650 | _aRISK MANAGEMENT--MINING INDUSTRY--COPPERBELT PROVINCE | ||
| 995 |
_FCBU-MAIN LIBRARY (Kitwe) _M1 _UAVAILABLE _WJan 24, 2013 _ZUniversity Collection |
||
| 999 |
_c56579 _d56579 |
||